| 000 | 01158aam a2200337 i 4500 | ||
|---|---|---|---|
| 001 | 768714001 | ||
| 003 | CO-MdFUSB | ||
| 005 | 20210916111040.0 | ||
| 007 | ta | ||
| 008 | 180522t1956 enk |||g |||| 00| 0 eng d | ||
| 020 | _a[No incluye ISBN] | ||
| 040 |
_aCO-MdFUSB _bspa _cCO-MdFUSB _dCO-MdFUSB _erda |
||
| 041 | _aeng | ||
| 082 |
_a226.507 _224 _bL724s |
||
| 100 | 1 |
_aLightfoot, R. H. _eautor |
|
| 245 | 1 | 0 |
_aSt. John's gospel _b: A commentary _c/ R. H. Lightfoot ; editado por C. F. Evans |
| 260 | _a | ||
| 264 | 1 |
_aOxford, England : _bAt the Clarendon Press, _c[1956] |
|
| 264 | 4 | _c© 1956 | |
| 300 |
_axii, 368 páginas _b: _c; 23 cm |
||
| 336 |
_2rdacontent _atexto _btxt |
||
| 337 |
_2rdamedia _asin mediación _bn |
||
| 338 |
_2rdacarrier _avolumen _bnc |
||
| 501 | _aIncluye índices (p. 357-368) | ||
| 505 | _aLos orígenes del evangelio -- El texto del evangelio -- El plan y la estructura del evangelio -- Relación con los evangelios sinópticos -- El fondo del evangelio -- El retrato del Señor -- Comentario | ||
| 563 | _aPasta dura | ||
| 630 | 0 | 7 |
_aBiblia. _vJuan |
| 942 | _cBK | ||
| 945 | _aJTF-925 | ||
| 999 |
_c46436 _d46436 |
||